000 00475nam a2200157Ia 4500
008 220214s9999 xx 000 0 und d
022 _a0305-0076
245 0 _aREVIEW OF APPLIED ENTOMOLOGY
246 _aReview of Agricultural Entomology
260 _bCAB International, Wallingford, Oxon
_aUK
310 _aM
500 _aEnding Volume & Year: 78, 1990
500 _aMissing Volume: 56-60;68(9);74(7);78(7-9)
500 _aStarting Volume & Year: 53, 1965
942 _cBJ
999 _c5597
_d5597